|
|
|
|
| LEADER |
00000nam0a2200000 4500 |
| 001 |
323199 |
| 005 |
20231102003540.0 |
| 010 |
|
|
|a 9785972901470
|
| 035 |
|
|
|a (RuTPU)RU\TPU\book\348757
|
| 090 |
|
|
|a 323199
|
| 100 |
|
|
|a 20161011d2017 k y0rusy50 ca
|
| 101 |
0 |
|
|a rus
|
| 102 |
|
|
|a RU
|
| 105 |
|
|
|a a z 001zy
|
| 200 |
1 |
|
|a Управление электроприводами скважинных насосных установок
|e монография
|f М. И. Хакимьянов
|
| 210 |
|
|
|a Москва
|c Инфра-Инженерия
|d 2017
|
| 215 |
|
|
|a 136 с.
|c ил.
|
| 320 |
|
|
|a Библиогр.: с. 128-136
|
| 320 |
|
|
|a Список сокращений и обозначений: с. 4
|
| 330 |
|
|
|a В монографии приведены основные сведения о системах управления электроприводами скважинных насосов добычи нефти. Обосновывается актуальность проблемы, рассматриваются структура потребления электроэнергии нефтедобывающими предприятиями, типы скважинных насосов, их устройство и принцип действия, применяемые электроприводы. Особое внимание уделяется автоматизации работы скважинных насосов на основе методов динамометрирования и ваттметрирования. Разобраны алгоритмы обработки динамограмм и ваттметрограмм для определения технического состояния и режимов работы скважинного насосного оборудования. Анализируются характеристики датчиков динамометрирования, предложены способы обеспечения питания беспроводных датчиков. Также в работе рассматривается автоматизация электроцентробежных насосных установок. Сделан обзор выпускаемых промышленностью систем погружной телеметрии, которые позволяют оперативно получать информацию о таких глубинных параметрах, как давление на приеме и выкиде насоса, температура скважинной жидкости, уровень вибрации, напряжение на клеммах двигателя, а также при наличии специального датчика о расходе жидкости. Учтены вопросы использования вентильных двигателей для привода электроцентробежных насосов.
|
| 606 |
1 |
|
|a Насосы нефтяные глубинные
|x Электроприводы
|2 stltpush
|3 (RuTPU)RU\TPU\subj\44995
|9 64263
|
| 610 |
1 |
|
|a нефть
|
| 610 |
1 |
|
|a механизированная добыча
|
| 610 |
1 |
|
|a энергетические аспекты
|
| 610 |
1 |
|
|a штанговые скважинные насосные установки
|
| 610 |
1 |
|
|a управление
|
| 610 |
1 |
|
|a электроцентробежные насосы
|
| 610 |
1 |
|
|a системы управления
|
| 610 |
1 |
|
|a монографии
|
| 675 |
|
|
|a 622.276.53
|v 4
|
| 700 |
|
1 |
|a Хакимьянов
|b М. И.
|g Марат Ильгизович
|
| 801 |
|
1 |
|a RU
|b 63413507
|c 20161011
|
| 801 |
|
2 |
|a RU
|b 63413507
|c 20191002
|g RCR
|
| 942 |
|
|
|c BK
|
| 959 |
|
|
|a 2/20170120
|d 1
|e 1820,00
|f ЧЗТЛ:1
|